<?xml version="1.0" encoding="UTF-8"?>
<record
    xmlns:xsi="http://www.w3.org/2001/XMLSchema-instance"
    xsi:schemaLocation="http://www.loc.gov/MARC21/slim http://www.loc.gov/standards/marcxml/schema/MARC21slim.xsd"
    xmlns="http://www.loc.gov/MARC21/slim">

  <leader>02934nam a22002417a 4500</leader>
  <controlfield tag="003">OSt</controlfield>
  <controlfield tag="005">20220303112120.0</controlfield>
  <controlfield tag="008">180417b        xxu||||| |||| 00| 0 eng d</controlfield>
  <datafield tag="010" ind1=" " ind2=" ">
    <subfield code="a">2008925741</subfield>
  </datafield>
  <datafield tag="020" ind1=" " ind2=" ">
    <subfield code="a">9780495810209</subfield>
  </datafield>
  <datafield tag="040" ind1=" " ind2=" ">
    <subfield code="c">LDC</subfield>
  </datafield>
  <datafield tag="050" ind1=" " ind2=" ">
    <subfield code="a">HA32.K561</subfield>
  </datafield>
  <datafield tag="100" ind1=" " ind2=" ">
    <subfield code="a">Kirkpatrick, Lee A.</subfield>
  </datafield>
  <datafield tag="245" ind1=" " ind2=" ">
    <subfield code="a">A simple guide to SPSS'' : for version 16.0. /</subfield>
    <subfield code="c">Lee A. Kirkpatrick and Brooke C. Feeney.</subfield>
  </datafield>
  <datafield tag="250" ind1=" " ind2=" ">
    <subfield code="a">International Edition</subfield>
  </datafield>
  <datafield tag="260" ind1=" " ind2=" ">
    <subfield code="a">Toronto :</subfield>
    <subfield code="b">Wadsworth,</subfield>
    <subfield code="c">2009.</subfield>
  </datafield>
  <datafield tag="300" ind1=" " ind2=" ">
    <subfield code="a">x, 115p. :</subfield>
    <subfield code="b"> ill. ;</subfield>
    <subfield code="c">25cm.</subfield>
  </datafield>
  <datafield tag="500" ind1=" " ind2=" ">
    <subfield code="a">Includes appendix.</subfield>
  </datafield>
  <datafield tag="505" ind1=" " ind2=" ">
    <subfield code="a">Content: 1. How to use SPSS for windows: Introduction to SPSS for windows -- Entering data and naming variables -- Specifying analyses using the point-and click method -- Specifying analyses using the syntax method -- Viewing and manipulating output -- 2. Procedures: Frequency distribution and descriptive statistics -- One-sample t-Test -- Independence-sample t- test -- dependable- sample (Matched-pairs, paired samples) t-Test -- One-way between-Groups (Independent groups) ANOVA --Two-way between-Groups (Independent groups) ANOVA -- One-way within-subjects (repeated measures) ANOVA -- Two-way mixed (Between-within) ANOVA -- Correlations -- Simple regression -- Multiple regression -- Chi-square test of independence --</subfield>
  </datafield>
  <datafield tag="521" ind1=" " ind2=" ">
    <subfield code="a">Contents : Part 1: How to use SPSS for windows: 1. Introduction of SPSS for windows -- A quick tour of the screen -- Using SPSS for windows overview -- 2. Entering data and naming variables -- Enter the data -- Naming the variables -- 3. Specifying analyses using the point-and-click method -- 4.Specifying analyses using the syntax method -- Executing ("running") the analysis -- Some general notes on SPSS commands -- Errors -- 5. Viewing and manipulating output -- Viewing output -- Editing output -- Printing output -- Saving output -- Exiting SPSS for windows -- Part 2: Procedures -- 6.Frequency distributions and descriptive statistics --Sample problem -- Analysis -- Output -- 7.One-sample t-test -- Sample problem -- Analysis -- Output -- 8. Independent-samples t-test -- Sample problem -- Analysis -- Output -- 9. Dependent-samples (matched-paris, paired samples) -- Sample problem -- Analysis -- Output -- 10.One-way between-groups (independent groups) ANOVA -- Sample problem -- Analysis -- Output -- 11.Two-way between-groups (independent groups) ANOVA --  Sample problem -- Analysis -- Output -- 12. One-way within-subjects (repeated measures) ANOVA --  Sample problem -- Analysis -- Output -- 13.Two-way mixed (between-within) ANOVA -- Sample problem -- Analysis -- Output -- 14. Correlations -- Sample problem -- Analysis -- Output -- 15. Simple regression -- Sample problem -- Analysis -- Output -- 16. Multiple regression -- Sample problem -- Analysis -- Output --  17.Chi-square test of independence --.Sample problem -- Analysis -- Output. </subfield>
  </datafield>
  <datafield tag="700" ind1=" " ind2=" ">
    <subfield code="a">Feeney, Brook C.</subfield>
  </datafield>
  <datafield tag="942" ind1=" " ind2=" ">
    <subfield code="2">lcc</subfield>
    <subfield code="c">BK</subfield>
  </datafield>
  <datafield tag="999" ind1=" " ind2=" ">
    <subfield code="c">8871</subfield>
    <subfield code="d">16371</subfield>
  </datafield>
  <datafield tag="952" ind1=" " ind2=" ">
    <subfield code="0">0</subfield>
    <subfield code="1">0</subfield>
    <subfield code="2">lcc</subfield>
    <subfield code="4">0</subfield>
    <subfield code="7">0</subfield>
    <subfield code="a">WIUC-KL</subfield>
    <subfield code="b">WIUC-KL</subfield>
    <subfield code="c">GEN</subfield>
    <subfield code="d">2019-11-15</subfield>
    <subfield code="e">WIUC</subfield>
    <subfield code="o">HA32.K561</subfield>
    <subfield code="p">K/2384/2384/19</subfield>
    <subfield code="r">2022-03-03 00:00:00</subfield>
    <subfield code="t">2</subfield>
    <subfield code="w">2022-03-03</subfield>
    <subfield code="y">BK</subfield>
  </datafield>
  <datafield tag="952" ind1=" " ind2=" ">
    <subfield code="0">0</subfield>
    <subfield code="1">0</subfield>
    <subfield code="2">lcc</subfield>
    <subfield code="4">0</subfield>
    <subfield code="7">0</subfield>
    <subfield code="a">WIUC-KL</subfield>
    <subfield code="b">WIUC-KL</subfield>
    <subfield code="c">GEN</subfield>
    <subfield code="d">2019-11-15</subfield>
    <subfield code="e">WIUC</subfield>
    <subfield code="o">HA32.K56</subfield>
    <subfield code="p">K/2383/2383/19</subfield>
    <subfield code="r">2022-03-03 00:00:00</subfield>
    <subfield code="t">1</subfield>
    <subfield code="w">2022-03-03</subfield>
    <subfield code="y">BK</subfield>
  </datafield>
</record>
